000 00573nam a2200181Ia 4500
008 090124s9999 xx 000 0 und d
082 _b37004
100 _aभेण्डे सुभाष
245 _a हास्य़य़ात्रा
250 _a0
260 _bदिलीप प्रकाशन
_c2000
300 _a231
600 _aभेण्डे सुभाष
630 _a हास्य़य़ात्रा
700 _aभेण्डे सुभाष
730 _a हास्य़य़ात्रा
942 _cBOOK
999 _c86785
_d86785